[Event "Regionalliga SO 1516"]
[Site "Bayern"]
[Date "2016.04.10"]
[Round "9.5"]
[White "Schubert, Werner"]
[Black "Steinheimer, Juergen"]
[Result "0-1"]
[WhiteElo "1923"]
[BlackElo "2035"]
[PlyCount "116"]
[EventDate "2015.10.11"]
[EventType "team-tourn"]
[EventRounds "9"]
[EventCountry "GER"]
[SourceTitle "EXT 2018"]
[Source "ChessBase"]
[SourceDate "2017.10.13"]
[SourceVersion "1"]
[SourceVersionDate "2017.10.13"]
[SourceQuality "1"]
[WhiteTeam "Geiselhoering"]
[BlackTeam "Graefelfing"]
[WhiteTeamCountry "GER"]
[BlackTeamCountry "GER"]

1. c4 e5 2. Nc3 Bb4 3. Nf3 Bxc3 4. bxc3 d6 5. d4 Nc6 6. e4 Nge7 7. Be2 0-0 8. 0-0 Ng6 9. Be3 f5 10. exf5 Bxf5 11. Bg5 Qe8 12. d5 Na5 13. Nh4 Nxh4 14. Bxh4 b6 15. Kh1 Nb7 16. f4 exf4 17. Rxf4 Qe3 18. Rf3 Qe4 19. Bf2 Qc2 20. Qxc2 Bxc2 21. Rxf8+ Rxf8 22. Kg1 Nc5 23. Bxc5 dxc5 24. Rc1 Bg6 25. Rd1 Rf6 26. Rf1 Kf7 27. Rxf6+ Kxf6 28. Kf2 Ke5 29. Ke3 Bb1 30. a3 h6 31. g3 Ba2 32. Bd3 Bb3 33. Be2 a5 34. Bd3 g5 35. Be2 b5 36. cxb5 Kxd5 37. h4 c4 38. hxg5 hxg5 39. Bf3+ Kc5 40. Bc6 Ba4 41. Ke4 Bxb5 42. Bb7 Bd7 43. Ba6 Bg4 44. Ke5 Be2 45. Kf5 g4 46. Kf4 Kb6 47. Bc8 Kb5 48. Bxg4 Bxg4 49. Kxg4 Ka4 50. Kf4 Kb3 51. g4 Kxc3 52. g5 Kb2 53. g6 c3 54. g7 c2 55. g8Q c1Q+ 56. Ke4 Qc2+ 57. Ke5 Kxa3 58. Qg3+ Kb2 0-1

[Event "Regionalliga SO 1516"]
[Site "Bayern"]
[Date "2016.02.21"]
[Round "7.5"]
[White "Schubert, Werner"]
[Black "Olbrich, Joachim"]
[Result "1/2-1/2"]
[WhiteElo "1923"]
[BlackElo "1998"]
[PlyCount "95"]
[EventDate "2015.10.11"]
[EventType "team-tourn"]
[EventRounds "9"]
[EventCountry "GER"]
[SourceTitle "EXT 2018"]
[Source "ChessBase"]
[SourceDate "2017.10.13"]
[SourceVersion "1"]
[SourceVersionDate "2017.10.13"]
[SourceQuality "1"]
[WhiteTeam "Geiselhoering"]
[BlackTeam "Germering"]
[WhiteTeamCountry "GER"]
[BlackTeamCountry "GER"]

1. c4 d6 2. d4 Nf6 3. Nc3 g6 4. e4 Bg7 5. Be2 0-0 6. Bg5 Nc6 7. d5 Ne5 8. f4 Ned7 9. Nf3 Nc5 10. Nd2 a5 11. 0-0 c6 12. Kh1 Qc7 13. Rc1 e6 14. e5 Ne8 15. Nde4 Nxe4 16. Nxe4 exd5 17. cxd5 Bf5 18. exd6 Nxd6 19. Nxd6 Qxd6 20. dxc6 Qxd1 21. Rfxd1 bxc6 22. Rxc6 Bxb2 23. a4 Bg7 24. h3 h6 25. Bh4 Rfe8 26. Bf3 Be4 27. Rcd6 Bxf3 28. gxf3 Bf8 29. Rd8 Raxd8 30. Bxd8 Bb4 31. Rd5 Re3 32. f5 Re1+ 33. Kg2 Re2+ 34. Kf1 Ra2 35. Bxa5 Rxa4 36. Bxb4 Rxb4 37. fxg6 fxg6 38. Rd7 Rb2 39. Kg1 h5 40. Rc7 h4 41. Rc4 g5 42. Rc5 Rb1+ 43. Kf2 Rb2+ 44. Kf1 Rb1+ 45. Kf2 Rb2+ 46. Ke3 Rg2 47. Ke4 Rg3 48. Kf5 1/2-1/2

[Event "Regionalliga SO 1516"]
[Site "Bayern"]
[Date "2016.01.17"]
[Round "5.4"]
[White "Vidonyak, Nellya"]
[Black "Schubert, Werner"]
[Result "1-0"]
[WhiteElo "2110"]
[BlackElo "1923"]
[PlyCount "37"]
[EventDate "2015.10.11"]
[EventType "team-tourn"]
[EventRounds "9"]
[EventCountry "GER"]
[SourceTitle "EXT 2018"]
[Source "ChessBase"]
[SourceDate "2017.10.13"]
[SourceVersion "1"]
[SourceVersionDate "2017.10.13"]
[SourceQuality "1"]
[WhiteTeam "Tegernsee"]
[BlackTeam "Geiselhoering"]
[WhiteTeamCountry "GER"]
[BlackTeamCountry "GER"]

1. b3 Nf6 2. Bb2 d5 3. Nf3 c5 4. e3 a6 5. c4 Nc6 6. cxd5 Nxd5 7. Be2 Qc7 8. 0-0 e5 9. Bc4 Nb6 10. Nc3 Be7 11. Nd5 Nxd5 12. Bxd5 Bd6 13. Ng5 Nd8 14. Rc1 Qe7 15. f4 0-0 16. Nxh7 Kxh7 17. Qh5+ Kg8 18. fxe5 Bc7 19. Rc4 1-0

[Event "Regionalliga SO 1516"]
[Site "Bayern"]
[Date "2015.12.13"]
[Round "4.4"]
[White "Schubert, Werner"]
[Black "Seitner, Ralf"]
[Result "0-1"]
[WhiteElo "1923"]
[BlackElo "2015"]
[PlyCount "48"]
[EventDate "2015.10.11"]
[EventType "team-tourn"]
[EventRounds "9"]
[EventCountry "GER"]
[SourceTitle "EXT 2018"]
[Source "ChessBase"]
[SourceDate "2017.10.13"]
[SourceVersion "1"]
[SourceVersionDate "2017.10.13"]
[SourceQuality "1"]
[WhiteTeam "Geiselhoering"]
[BlackTeam "Ingolstadt"]
[WhiteTeamCountry "GER"]
[BlackTeamCountry "GER"]

1. c4 c5 2. Nc3 Nc6 3. g3 g6 4. Bg2 Bg7 5. Nf3 e6 6. 0-0 Nge7 7. e3 0-0 8. a3 d5 9. d3 b6 10. Qc2 Bb7 11. Rb1 Rc8 12. b3 Qd7 13. Ne2 Rfd8 14. Bb2 e5 15. Rfd1 d4 16. exd4 Nxd4 17. Nfxd4 Bxg2 18. Kxg2 exd4 19. Bc1 a5 20. h4 Re8 21. Nf4 Be5 22. Qe2 Bxf4 23. Bxf4 Nd5 24. Qf3 Nc3 0-1

[Event "Niederbayernliga 1415"]
[Site "Bayern"]
[Date "2014.12.06"]
[Round "4.4"]
[White "Kuespert, Erwin"]
[Black "Schubert, Werner"]
[Result "0-1"]
[WhiteElo "1776"]
[BlackElo "1931"]
[PlyCount "74"]
[EventDate "2014.10.19"]
[EventType "team-tourn"]
[EventRounds "9"]
[EventCountry "GER"]
[SourceTitle "EXT 2023"]
[Source "ChessBase"]
[SourceDate "2022.10.05"]
[SourceVersion "1"]
[SourceVersionDate "2022.10.05"]
[SourceQuality "1"]
[WhiteTeam "Schaibing"]
[BlackTeam "Geiselhoering"]
[WhiteTeamCountry "GER"]
[BlackTeamCountry "GER"]

1. d4 d5 2. Nf3 Nf6 3. e3 c5 4. b3 Nc6 5. Bd3 Bg4 6. 0-0 cxd4 7. exd4 Nxd4 8. Be3 Nxf3+ 9. gxf3 Bd7 10. Bd4 e6 11. Be5 Bc6 12. Qd2 Bd6 13. Bxd6 Qxd6 14. Nc3 a6 15. a3 h6 16. Rfe1 0-0 17. Be2 Rad8 18. Rad1 Qxa3 19. Qf4 Qd6 20. Qh4 Qe5 21. Nb1 Qg5+ 22. Qxg5 hxg5 23. Kg2 Nh5 24. Nd2 Nf4+ 25. Kg3 Rfe8 26. h4 Nxe2+ 27. Rxe2 gxh4+ 28. Kxh4 Bb5 29. Ree1 Rc8 30. c4 dxc4 31. bxc4 Bxc4 32. Ne4 Rc7 33. Rg1 Kf8 34. Rg3 Bd5 35. Ng5 Ke7 36. Nh3 Rc4+ 37. Rg4 Rxg4+ 0-1

[Event "Niederbayernliga 1415"]
[Site "Bayern"]
[Date "2014.11.23"]
[Round "3.4"]
[White "Schubert, Werner"]
[Black "Zauner, Christoph"]
[Result "0-1"]
[WhiteElo "1931"]
[BlackElo "2005"]
[PlyCount "124"]
[EventDate "2014.10.19"]
[EventType "team-tourn"]
[EventRounds "9"]
[EventCountry "GER"]
[SourceTitle "EXT 2023"]
[Source "ChessBase"]
[SourceDate "2022.10.05"]
[SourceVersion "1"]
[SourceVersionDate "2022.10.05"]
[SourceQuality "1"]
[WhiteTeam "Geiselhoering"]
[BlackTeam "Passau II"]
[WhiteTeamCountry "GER"]
[BlackTeamCountry "GER"]

1. c4 c6 2. d4 d5 3. cxd5 cxd5 4. Nf3 Nc6 5. Nc3 Nf6 6. Bf4 a6 7. e3 Bg4 8. Be2 e6 9. 0-0 Be7 10. Rc1 0-0 11. a3 Nh5 12. Ne1 Bxe2 13. Nxe2 Nxf4 14. Nxf4 Na5 15. Ned3 Nc4 16. a4 Rc8 17. Ne2 b6 18. b3 Na5 19. Rxc8 Qxc8 20. Qb1 Qb7 21. Rc1 Rc8 22. Rxc8+ Qxc8 23. Qc1 Qxc1+ 24. Nexc1 Nc6 25. Kf1 Kf8 26. Ke2 Ke8 27. Kd2 Kd7 28. Kc3 f6 29. f4 Bd6 30. g3 h5 31. Ne2 g5 32. Ng1 g4 33. Ne2 Ne7 34. Nf2 Nf5 35. Kd3 Bb4 36. e4 Nd6 37. e5 Ne8 38. Nd1 Bf8 39. Ne3 Bh6 40. Ng2 Ke7 41. Nh4 Kf7 42. Nc3 Bf8 43. Ng2 Be7 44. Ne3 f5 45. Ng2 Nc7 46. Ne3 Ke8 47. Nc2 Kd7 48. Ne3 h4 49. Ng2 h3 50. Ne3 Kc6 51. Nc2 b5 52. axb5+ Nxb5 53. Ne2 Kb6 54. Ng1 Ka5 55. Ne2 Na3 56. Ne3 Kb4 57. Nc1 Bd8 58. Kd2 Be7 59. Kd3 Bd8 60. Kd2 Bb6 61. Kd3 a5 62. Nd1 Nb5 0-1

[Event "GER Server Cup06 final email"]
[Site "GER email"]
[Date "2014.??.??"]
[Round "?"]
[White "Franke, Claus Peter"]
[Black "Schubert, Werner"]
[Result "1-0"]
[WhiteElo "2156"]
[BlackElo "2010"]
[PlyCount "139"]
[EventDate "2013.??.??"]
[EventType "tourn (corr)"]
[EventRounds "6"]
[EventCountry "GER"]
[SourceTitle "Corr 2015"]
[Source "ChessBase"]
[SourceDate "2015.07.17"]
[SourceVersion "1"]
[SourceVersionDate "2015.07.17"]
[SourceQuality "1"]

1. c4 Nf6 2. d4 g6 3. Nc3 Bg7 4. e4 d6 5. Nf3 0-0 6. Be2 e5 7. 0-0 Nc6 8. d5 Ne7 9. b4 Nh5 10. Re1 f5 11. Ng5 Nf6 12. Bf3 c6 13. Be3 h6 14. Ne6 Bxe6 15. dxe6 Nc8 16. exf5 gxf5 17. Qc1 Kh7 18. Qc2 Ne7 19. Rad1 e4 20. Be2 d5 21. Bc5 b6 22. Bxe7 Qxe7 23. cxd5 cxd5 24. Nxd5 Nxd5 25. Rxd5 Qxe6 26. Red1 Rac8 27. Qd2 f4 28. Rd6 Qf5 29. Rd7 f3 30. Bf1 a5 31. bxa5 bxa5 32. Qd4 Qg6 33. g3 Kh8 34. Qa7 Ra8 35. Qc7 Rac8 36. Qa7 Ra8 37. Qe3 Rab8 38. R1d6 Rf6 39. Rd8+ Rxd8 40. Rxd8+ Rf8 41. Rxf8+ Bxf8 42. Qd4+ Bg7 43. Qd8+ Kh7 44. Bc4 h5 45. Qxa5 h4 46. Qd5 Kh6 47. a4 hxg3 48. hxg3 e3 49. Qxf3 exf2+ 50. Kxf2 Bd4+ 51. Kg2 Qc2+ 52. Qe2 Qc3 53. Bd3 Be5 54. Qe4 Kg7 55. Kh3 Kf6 56. Qh4+ Ke6 57. Qc4+ Kd6 58. Qxc3 Bxc3 59. g4 Ke7 60. g5 Kf7 61. Kg4 Ke6 62. Bf5+ Kf7 63. g6+ Kf8 64. Kg5 Kg7 65. Bd3 Kf8 66. Kf5 Ke7 67. Bc4 Kf8 68. Ke6 Kg7 69. Bd3 Kf8 70. Kd7 1-0

[Event "Niederbayernliga 1314"]
[Site "Bayern"]
[Date "2014.??.??"]
[Round "5"]
[White "Schubert, Werner"]
[Black "Sinnhoefer, Hartmut"]
[Result "1/2-1/2"]
[WhiteElo "1936"]
[BlackElo "1774"]
[PlyCount "53"]
[EventDate "2013.10.13"]
[EventType "team-tourn"]
[EventRounds "9"]
[EventCountry "GER"]
[SourceTitle "EXT 2023"]
[Source "ChessBase"]
[SourceDate "2022.10.05"]
[SourceVersion "1"]
[SourceVersionDate "2022.10.05"]
[SourceQuality "1"]
[WhiteTeam "Geiselhoering"]
[BlackTeam "Aidenbach"]
[WhiteTeamCountry "GER"]
[BlackTeamCountry "GER"]

1. c4 e5 2. Nc3 Nf6 3. Nf3 Nc6 4. e4 Be7 5. d4 exd4 6. Nxd4 Nxd4 7. Qxd4 d6 8. Be2 Bd7 9. 0-0 0-0 10. f3 Bc6 11. Be3 Nd7 12. Rad1 Bf6 13. Qd2 Re8 14. b4 b6 15. Nd5 Bxd5 16. cxd5 a5 17. a3 axb4 18. axb4 Ra7 19. Bb5 Qe7 20. Rc1 Rd8 21. Rc2 Ne5 22. Rfc1 h6 23. Bd4 Rda8 24. f4 Ng4 25. Re1 Bxd4+ 26. Qxd4 Nxh2 27. Rec1 1/2-1/2

[Event "GER Cup19 sf18 serv"]
[Site "GER email"]
[Date "2013.07.14"]
[Round "?"]
[White "Schubert, Werner"]
[Black "Hermannsdoerfer, Frank"]
[Result "1-0"]
[WhiteElo "2000"]
[BlackElo "1720"]
[PlyCount "67"]
[EventDate "2013.07.20"]
[EventType "tourn (corr)"]
[EventRounds "6"]
[EventCountry "GER"]
[SourceTitle "Corr 2015"]
[Source "ChessBase"]
[SourceDate "2015.07.17"]
[SourceVersion "1"]
[SourceVersionDate "2015.07.17"]
[SourceQuality "1"]

1. c4 e5 2. Nc3 d6 3. g3 f5 4. Bg2 Nf6 5. Nf3 Be7 6. 0-0 0-0 7. d3 c5 8. Ne1 Nc6 9. Nc2 Nd4 10. f4 Rb8 11. Ne3 exf4 12. Rxf4 Bd7 13. Rf1 a6 14. Ned5 Nxd5 15. Nxd5 Bg5 16. Bf4 Bc6 17. Qd2 Bxf4 18. Rxf4 Qg5 19. e3 Ne6 20. Rf2 Rbe8 21. Raf1 Rf7 22. a3 h5 23. b4 h4 24. gxh4 Qg4 25. e4 Bxd5 26. cxd5 Nd4 27. bxc5 f4 28. h3 Qg3 29. cxd6 f3 30. Qg5 Qxg5 31. hxg5 fxg2 32. Kxg2 Rd7 33. a4 Rxd6 34. Rb1 1-0

[Event "GER MS-181 email"]
[Site "GER email"]
[Date "2013.06.21"]
[Round "?"]
[White "Hinz, Juergen"]
[Black "Schubert, Werner"]
[Result "1-0"]
[WhiteElo "1998"]
[BlackElo "1991"]
[PlyCount "77"]
[EventDate "2013.07.05"]
[EventType "tourn (corr)"]
[EventRounds "6"]
[EventCountry "GER"]
[SourceTitle "Corr 2015"]
[Source "ChessBase"]
[SourceDate "2015.07.17"]
[SourceVersion "1"]
[SourceVersionDate "2015.07.17"]
[SourceQuality "1"]

1. d4 d6 2. Nf3 Nd7 3. e4 e5 4. Bc4 c6 5. 0-0 Be7 6. dxe5 dxe5 7. Ng5 Bxg5 8. Qh5 Qe7 9. Qxg5 Qxg5 10. Bxg5 Nc5 11. f3 Be6 12. Nd2 b5 13. Be3 Nxe4 14. Nxe4 bxc4 15. Nd6+ Ke7 16. Bc5 Kd8 17. f4 exf4 18. Rxf4 Nh6 19. g4 g6 20. h3 Kd7 21. Rd1 Kc7 22. Bd4 Rhd8 23. Be5 Kb6 24. Rfd4 Ka6 25. Nb5 Rxd4 26. Nc7+ Kb7 27. Rxd4 c5 28. Rd2 Rc8 29. Nxe6 fxe6 30. Rd7+ Kc6 31. Rxh7 Ng8 32. Rg7 Kd5 33. Bh2 e5 34. h4 Ke4 35. Rxg6 Ne7 36. Re6 Nc6 37. h5 Nd4 38. Rxe5+ Kf3 39. c3 1-0

[Event "GER-ch45 V07 email"]
[Site "GER email"]
[Date "2013.03.27"]
[Round "?"]
[White "Schubert, Werner"]
[Black "Jacobs, Rudolf"]
[Result "1/2-1/2"]
[WhiteElo "2000"]
[BlackElo "2203"]
[PlyCount "104"]
[EventDate "2013.04.08"]
[EventType "tourn (corr)"]
[EventRounds "12"]
[EventCountry "GER"]
[SourceTitle "Corr 2015"]
[Source "ChessBase"]
[SourceDate "2015.07.17"]
[SourceVersion "1"]
[SourceVersionDate "2015.07.17"]
[SourceQuality "1"]

1. c4 c6 2. d4 d5 3. Nf3 Nf6 4. Nc3 e6 5. e3 Nbd7 6. Qc2 Bd6 7. Be2 0-0 8. 0-0 dxc4 9. Bxc4 a6 10. Rd1 b5 11. Be2 Qc7 12. Ne4 Nxe4 13. Qxe4 e5 14. Qc2 Re8 15. Bd3 h6 16. Bd2 exd4 17. exd4 Nf6 18. Rac1 Bg4 19. h3 Bxf3 20. gxf3 Bf4 21. Qxc6 Qb8 22. Qc2 Bxd2 23. Qxd2 Qd6 24. Kh1 Rac8 25. a3 Nh5 26. Rxc8 Rxc8 27. Qe3 g6 28. Bf1 Nf4 29. b4 g5 30. d5 Rd8 31. Qe4 Qf6 32. Kh2 Rd6 33. h4 Qb2 34. Kg1 Kg7 35. Bd3 Rxd5 36. Qh7+ Kf8 37. Qxh6+ Qg7 38. Qxg7+ Kxg7 39. Bc2 Rxd1+ 40. Bxd1 gxh4 41. Bc2 Kf6 42. Be4 Ke5 43. Bb7 Ne6 44. Bxa6 Nc7 45. Bc8 Kd4 46. Bd7 Kc4 47. a4 bxa4 48. Bxa4 Kxb4 49. Bc6 Kc5 50. Ba4 Ne6 51. Bb3 Kd6 52. Bxe6 Kxe6 1/2-1/2

[Event "Niederbayernliga 1213"]
[Site "Bayern"]
[Date "2013.??.??"]
[Round "8"]
[White "Schubert, Werner"]
[Black "Bilyavskyy, Borys"]
[Result "1/2-1/2"]
[WhiteElo "1936"]
[BlackElo "1817"]
[PlyCount "32"]
[EventDate "2012.10.14"]
[EventType "team-tourn"]
[EventRounds "9"]
[EventCountry "GER"]
[SourceTitle "EXT 2023"]
[Source "ChessBase"]
[SourceDate "2022.10.05"]
[SourceVersion "1"]
[SourceVersionDate "2022.10.05"]
[SourceQuality "1"]
[WhiteTeam "Geiselhoering"]
[BlackTeam "Ergolding"]
[WhiteTeamCountry "GER"]
[BlackTeamCountry "GER"]

1. c4 e6 2. Nc3 f5 3. d4 Nf6 4. g3 d5 5. cxd5 exd5 6. Bg2 c6 7. Nh3 Bd6 8. 0-0 0-0 9. Nf4 Qe8 10. Re1 Nbd7 11. Qc2 Ne4 12. f3 Nxc3 13. bxc3 Nf6 14. Bd2 g5 15. Nd3 h6 16. f4 g4 1/2-1/2

[Event "Niederbayernliga 1213"]
[Site "Bayern"]
[Date "2012.10.14"]
[Round "1.2"]
[White "Schubert, Werner"]
[Black "Sinnhoefer, Hartmut"]
[Result "1/2-1/2"]
[WhiteElo "1936"]
[BlackElo "1771"]
[PlyCount "22"]
[EventDate "2012.10.14"]
[EventType "team-tourn"]
[EventRounds "9"]
[EventCountry "GER"]
[SourceTitle "EXT 2023"]
[Source "ChessBase"]
[SourceDate "2022.10.05"]
[SourceVersion "1"]
[SourceVersionDate "2022.10.05"]
[SourceQuality "1"]
[WhiteTeam "Geiselhoering"]
[BlackTeam "Aidenbach"]
[WhiteTeamCountry "GER"]
[BlackTeamCountry "GER"]

1. c4 Nf6 2. Nc3 c5 3. g3 e6 4. Bg2 Be7 5. Nf3 Nc6 6. d4 cxd4 7. Nxd4 0-0 8. 0-0 d5 9. cxd5 exd5 10. e4 Nxd4 11. Qxd4 dxe4 1/2-1/2

[Event "GER ML-378 email"]
[Site "GER email"]
[Date "2012.??.??"]
[Round "?"]
[White "Schubert, Werner"]
[Black "Krumm, Guenther"]
[Result "0-1"]
[WhiteElo "2044"]
[BlackElo "2033"]
[PlyCount "80"]
[EventDate "2011.??.??"]
[EventType "tourn (corr)"]
[EventRounds "6"]
[EventCountry "GER"]
[SourceTitle "Corr 2015"]
[Source "ChessBase"]
[SourceDate "2015.07.17"]
[SourceVersion "1"]
[SourceVersionDate "2015.07.17"]
[SourceQuality "1"]

1. d4 Nf6 2. Bf4 c5 3. e3 Qb6 4. Nc3 d6 5. Bd3 Nc6 6. Nge2 e5 7. Bg5 cxd4 8. exd4 exd4 9. Nb5 Bd7 10. Bxf6 gxf6 11. a4 0-0-0 12. a5 Nxa5 13. Nxa7+ Kb8 14. 0-0 d5 15. Nf4 Be8 16. Qf3 Qxa7 17. Ng6 hxg6 18. Qxf6 Kc8 19. Qxh8 Bb4 20. Ra2 Qc5 21. Rfa1 Kc7 22. Qe5+ Kb6 23. Qf4 Nc6 24. Qf3 Qd6 25. Bf1 Kc7 26. Qb3 Bd7 27. Ra8 Rxa8 28. Rxa8 Bc5 29. Ra1 Nb4 30. Qf3 Nxc2 31. Rc1 Nb4 32. Qxf7 Kb6 33. Qf3 d3 34. Bxd3 Nxd3 35. Qxd3 Bxf2+ 36. Kh1 d4 37. Rd1 Qf6 38. Qa3 Be3 39. Ra1 Qg5 40. Qb3+ Kc7 0-1

[Event "GER-chT9 LI-21 Br03 email"]
[Site "GER email"]
[Date "2011.10.17"]
[Round "?"]
[White "Schubert, Werner"]
[Black "Daus, Peter"]
[Result "0-1"]
[WhiteElo "2018"]
[BlackElo "2113"]
[PlyCount "156"]
[EventDate "2011.10.23"]
[EventType "tourn (corr)"]
[EventRounds "9"]
[EventCountry "GER"]
[SourceTitle "Corr 2015"]
[Source "ChessBase"]
[SourceDate "2015.07.17"]
[SourceVersion "1"]
[SourceVersionDate "2015.07.17"]
[SourceQuality "1"]

1. d4 Nf6 2. c4 c5 3. d5 b5 4. cxb5 a6 5. bxa6 g6 6. Nc3 Bxa6 7. g3 d6 8. Bg2 Bg7 9. Nf3 Nfd7 10. Qc2 Nb6 11. 0-0 N8d7 12. Rd1 0-0 13. a3 Nc4 14. Rb1 Qa5 15. b4 Qc7 16. Rb3 Rfb8 17. b5 Bc8 18. Nd2 Ncb6 19. h3 Ne5 20. f4 Nec4 21. Nxc4 Nxc4 22. e4 Nb6 23. Kh2 Ra5 24. Bf1 Rba8 25. Rb1 c4 26. Qd2 Bd7 27. Qe1 h5 28. Bg2 Rxa3 29. Bxa3 Rxa3 30. Rdc1 Qc5 31. Rc2 Bd4 32. Rd1 Na4 33. Nb1 Rb3 34. Nd2 Rc3 35. Rxc3 Nxc3 36. Ra1 Nxb5 37. Ra8+ Kg7 38. f5 h4 39. gxh4 Bf6 40. fxg6 fxg6 41. Kh1 c3 42. Nb3 Qc4 43. Nc1 c2 44. Ra2 Nd4 45. h5 Qc8 46. Qg3 g5 47. Qd3 Bb5 48. Qe3 Kh6 49. Ra3 Ne2 50. e5 Bxe5 51. Qe4 Nf4 52. Rf3 Nxh5 53. h4 Ng3+ 54. Rxg3 Bxg3 55. hxg5+ Kg7 56. Qxe7+ Kg8 57. g6 Qd7 58. Qf6 Be5 59. Qh4 Qg7 60. Be4 Bb2 61. Bf5 Qh8 62. Qh7+ Qxh7+ 63. gxh7+ Kg7 64. Nb3 c1Q+ 65. Nxc1 Bxc1 66. Kg2 Bb2 67. Kf3 Be8 68. Kf4 Kh6 69. Bd3 Bg6 70. h8Q+ Bxh8 71. Ba6 Bb2 72. Bc8 Kg7 73. Bd7 Kf6 74. Bc6 Bc1+ 75. Kf3 Ke5 76. Ke2 Be4 77. Kd1 Bg5 78. Bb7 Bxd5 0-1

[Event "GER-chT9 LI-21 Br03 email"]
[Site "GER email"]
[Date "2011.10.17"]
[Round "?"]
[White "Schubert, Werner"]
[Black "Sabel, Reinhard"]
[Result "1/2-1/2"]
[WhiteElo "2018"]
[BlackElo "2062"]
[PlyCount "99"]
[EventDate "2011.10.23"]
[EventType "tourn (corr)"]
[EventRounds "9"]
[EventCountry "GER"]
[SourceTitle "Corr 2015"]
[Source "ChessBase"]
[SourceDate "2015.07.17"]
[SourceVersion "1"]
[SourceVersionDate "2015.07.17"]
[SourceQuality "1"]

1. d4 Nf6 2. c4 e6 3. Nf3 d5 4. Nc3 c6 5. e3 Nbd7 6. Bd3 dxc4 7. Bxc4 b5 8. Bd3 Bb7 9. 0-0 a6 10. e4 c5 11. d5 Qc7 12. dxe6 fxe6 13. Bc2 Bd6 14. Ng5 Nf8 15. f4 0-0-0 16. Qe2 h6 17. Nf3 Bxf4 18. e5 Bxf3 19. Rxf3 Bxe5 20. a4 Ng4 21. g3 b4 22. Qxa6+ Qb7 23. Qxb7+ Kxb7 24. Nb5 Nf6 25. Re3 N8d7 26. Re2 Nd5 27. Be4 Kb6 28. Bd3 Ka5 29. Kg2 Rc8 30. Bc4 Bb8 31. Rxe6 N7b6 32. Bd3 Rhe8 33. Rxe8 Rxe8 34. b3 Rd8 35. Be2 Be5 36. Ra2 Nc3 37. Na7 Rd6 38. Rd2 Rf6 39. Bf3 c4 40. bxc4 Nxc4 41. Nc6+ Rxc6 42. Bxc6 Nxd2 43. Bxd2 Nxa4 44. Kf3 Bc3 45. Bf4 b3 46. Bc7+ Kb4 47. Bd6+ Nc5 48. Ke2 b2 49. Bxc5+ Kxc5 50. Be4 1/2-1/2

[Event "GER-chT9 LI-21 Br03 email"]
[Site "GER email"]
[Date "2011.10.17"]
[Round "?"]
[White "Wolff, Christoph"]
[Black "Schubert, Werner"]
[Result "1/2-1/2"]
[WhiteElo "2023"]
[BlackElo "2018"]
[PlyCount "30"]
[EventDate "2011.10.23"]
[EventType "tourn (corr)"]
[EventRounds "9"]
[EventCountry "GER"]
[SourceTitle "Corr 2015"]
[Source "ChessBase"]
[SourceDate "2015.07.17"]
[SourceVersion "1"]
[SourceVersionDate "2015.07.17"]
[SourceQuality "1"]

1. e4 e6 2. d4 d5 3. Nc3 dxe4 4. Nxe4 Nd7 5. Nf3 Ngf6 6. Nxf6+ Nxf6 7. Bd3 c5 8. Be3 Qc7 9. Qe2 Bd7 10. Ne5 cxd4 11. Bxd4 Bc5 12. Nxd7 Bxd4 13. Nxf6+ Bxf6 14. Rd1 0-0-0 15. c3 h5 1/2-1/2